Szczegóły MARC21

Le rire de Voltaire /

003 -Nazwa inst., której nr kontr. jest w polu 001 [,]
    • @
    • Nazwa instytucji, której n kontrolny jest w polu 001
    • NUKAT
005 -DATA I CZAS OSTATNIEJ MODYFIKACJI [,]
    • @
    • pole kontrolne
    • 20241231092707.0
040 -Instytucja sporządzająca opis [ , ]
    • a
    • Instytucja, która sporządziła opis (NP)
    • SZCZ U/MC
    • b
    • Język katalogowania
    • pol
    • e
    • Zasady katalogowania
    • rda
    • c
    • Instytucja, która sporządziła rekord (NP)
    • SZCZ U/MCs
942 -Rodzaj dokumentu [ , ]
    • c
    • Rodzaj dokumentu
    • Książka
100 -Hasło główne - nazwa osobowa [0, ]
    • a
    • Nazwa osobowa (NP)
    • Voltaire
    • d
    • Daty biograficzne (NP)
    • (1694-1778).
    • e
    • Rodzaj współpracy
    • Autor
    • 9
    • KHW
    • 16894
245 -Strefa tytułu i oznaczenia odpowiedzialności [1,0]
    • a
    • Tytuł
    • Le rire de Voltaire / Find
    • c
    • Pozostałe elementy strefy tytułu i oznaczenia odpowiedzialności (NP)
    • préface de Bertrand Poirot-Delpech ; textes réunis et présentés par Pascal Debailly, Jean-Jacques Robrieux, Jacques Van Den Heuvel.
260 -Strefa adresu wydawniczego [ , ]
    • a
    • Miejsce wydania (P)
    • [Paris] :
    • b
    • Nazwa wydawcy (P)
    • Éditions du Félin,
    • c
    • Data wydania (P)
    • 1994.
300 -Strefa opisu fizycznego [ , ]
    • a
    • Określenie formy książki i/lub objętość (NP)
    • 261 stron ;
    • c
    • Format (NP)
    • 21 cm.
336 -Typ zawartości [ , ]
    • a
    • Termin opisujący typ zawartości
    • Tekst
    • b
    • Kod określający zawartość
    • txt
    • 2
    • Źródło (terminu i kodu)
    • rdacontent
337 -Typ mediów [ , ]
    • a
    • Tryb odtwarzania
    • Bez urządzenia pośredniczącego
    • b
    • Kod typu mediów
    • n
    • 2
    • Źródło (terminu i kodu)
    • rdamedia
338 -Typ/rodzaj nośnika [ , ]
    • a
    • Hasło opisujące typ nośnika
    • Wolumin
    • b
    • Kod typu nośnika
    • nc
    • 2
    • Źródło (terminu i kodu)
    • rdacarrier
490 -Strefa serii i książki wielotomowej - forma nie do wyszukiwania [1, ]
    • a
    • Tytuł (P)
    • Collection Oeuvres Vives Find
830 -Hasło dodatkowe serii i opisu książki wielotomowej - tytuł ujednolicony/tytuł [ ,0]
    • a
    • Tytuł ujednolicony/tytuł (NP)
    • Collection Oeuvres Vives
    • x
    • ISSN
    • 1272-1891
    • 9
    • KHW
    • 689005
500 -Uwaga ogólna [ , ]
    • a
    • Uwaga ogólna (NP)
    • Miejsce wydania na podstawie siedziby wydawcy.
504 -Uwaga dot. bibliogr. załącznikowej [ , ]
    • a
    • Uwaga dot. bibliografii załącznikowej
    • Bibliografia na 255 stronie.
080 -Uniwersalna Klasyfikacja Dziesiętna [ , ]
    • 2
    • Identyfikator wydania tablic
    • UDC - P058
    • a
    • Symbol klasyfikacji
    • 821.133.1-82
    • b
    • Dopowiedzenie
    • Literatura francuska. - Antologie. Wypisy. Chrestomatie. Silva rerum.
    • x
    • Poddział wspólny
    • =133.1
    • b
    • Dopowiedzenie
    • =Język francuski.
600 -Hasło przedmiotowe w formie nazwy osobowej [0,7]
    • a
    • Nazwa osobowa
    • Voltaire
    • d
    • Daty związane z nazwą
    • (1694-1778)
    • x
    • Określnik rzeczowy
    • krytyka i interpretacja.
    • 2
    • Źródło terminu
    • kaba
    • 9
    • KHW
    • 353632
650 -Hasło przedmiotowe [ ,7]
    • a
    • Hasło przedmiotowe
    • Śmiech
    • x
    • Określnik rzeczowy
    • w literaturze.
    • 2
    • Źródło terminu
    • kaba
    • 9
    • KHW
    • 373230
980 -Symbol UKD [ , ]
    • a
    • UKD
    • 821.133.1-82=133.1
700 -Hasło dodatkowe - nazwa osobowa [1, ]
    • a
    • Nazwa osobowa (NP)
    • Poirot-Delpech, Bertrand Find
    • d
    • Daty biograficzne (NP)
    • (1929-2006).
    • e
    • Określenie rodzaju współpracy
    • Przedmowa
    • 9
    • KHW
    • 465114
700 -Hasło dodatkowe - nazwa osobowa [1, ]
    • a
    • Nazwa osobowa (NP)
    • Debailly, Pascal. Find
    • e
    • Określenie rodzaju współpracy
    • Redakcja
    • 9
    • KHW
    • 689003
700 -Hasło dodatkowe - nazwa osobowa [1, ]
    • a
    • Nazwa osobowa (NP)
    • Robrieux, Jean-Jacques. Find
    • e
    • Określenie rodzaju współpracy
    • Redakcja
    • 9
    • KHW
    • 25113
700 -Hasło dodatkowe - nazwa osobowa [1, ]
    • a
    • Nazwa osobowa (NP)
    • Van den Heuvel, Jacques Find
    • d
    • Daty biograficzne (NP)
    • (1921-2000).
    • e
    • Określenie rodzaju współpracy
    • Redakcja
    • 9
    • KHW
    • 482099
710 -Hasło dodatkowe - nazwa ciała zbiorowego [2, ]
    • a
    • Nazwa ciała zbiorowego lub nazwa geograficzna jako pierwszy element (NP)
    • Éditions du Félin.
    • e
    • Rodzaj współpracy
    • Wydawca
    • 4
    • Kod relacji
    • pbl
    • 9
    • KHW
    • 689004
Sygnatura Numer inwentarzowy Status udost. Data inwentaryzacji Lokalizacja
FR. Lit. franc. XVIII-XIX w. 01A.819812008-11-07BM